000 00603nam a22001937a 4500
005 20251108164839.0
008 250721s1996 xx 000 0 ara d
082 1 4 _a616.7/طيب
100 1 _aالطيبي، عكاشة عبد المنان
245 1 0 _aوداعاً لآلام الظهر و الضعف الجنسي /
264 1 _aعمان :
_bدار الإسراء للنشر و التوزيع،
_c1996.
300 _a96ص
650 1 7 _aالظهر
650 1 7 _aألم الظهر
650 1 7 _aأمراض العظام
650 1 7 _aالطب الشعبي
942 _2ddc
_cBK
999 _c15756
_d15756